| 000 | 01266nam a2200313Ia 4500 | ||
|---|---|---|---|
| 001 | ebr10687102 | ||
| 003 | CaPaEBR | ||
| 006 | m u | ||
| 007 | cr cn||||||||| | ||
| 008 | 121207s2013 nyu sb 001 0 eng d | ||
| 010 | _z 2012049118 | ||
| 020 | _z9780823251322 (cloth : alk. paper) | ||
| 020 | _z9780823251339 (pbk. : alk. paper) | ||
| 040 |
_aCaPaEBR _cCaPaEBR |
||
| 035 | _a(OCoLC)846997954 | ||
| 050 | 1 | 4 |
_aPA4413.A7 _bS78 2013eb |
| 082 | 0 | 4 |
_a882/.01 _223 |
| 100 | 1 | _aStrauss, Jonathan. | |
| 245 | 1 | 0 |
_aPrivate lives, public deaths _h[electronic resource] : _bAntigone and the invention of individuality / _cJonathan Strauss. |
| 260 |
_aNew York : _bFordham University Press, _c2013. |
||
| 300 | _axi, 216 p. | ||
| 504 | _aIncludes bibliographical references and index. | ||
| 533 |
_aElectronic reproduction. _bPalo Alto, Calif. : _cebrary, _d2013. _nAvailable via World Wide Web. _nAccess may be limited to ebrary affiliated libraries. |
||
| 600 | 0 | 0 |
_aSophocles. _tAntigone. |
| 650 | 0 |
_aGreek drama (Tragedy) _xHistory and criticism. |
|
| 655 | 7 |
_aElectronic books. _2local |
|
| 710 | 2 | _aebrary, Inc. | |
| 856 | 4 | 0 |
_uhttp://site.ebrary.com/lib/rucke/Doc?id=10687102 _zAn electronic book accessible through the World Wide Web; click to view |
| 999 |
_c13118 _d13118 |
||